000
00235 a2200085 4500
020
_a
9780367761271
100
_a
Benny Raphael
245
_a
Construction and Building Automation: From Concepts to Implementation
260
_b
Routledge
_c
2022
999
_c
13495
_d
13495